00490nmm a2200145Ia 4500008004100000020001800041041000800059100003200067245006500099264008800164300001600252856005200268942000700320999001700327251105s9999||||xx |||||||||||||||||und|| a9788412670806 aspa aAmezaga del Frago, Larraitz 0aEndoFeliz. Por una vida plena y satisfecha con endometriosis a[Madrid, España] :bEdiciones Arcanas, c[Fecha de publicación no identificada] a0 páginas uhttps://public.digitaliapublishing.com/a/135175 cCF c76282d76282